000
00293nam a22001337a 4500
008
181015b xxu||||| |||| 00| 0 eng d
020
_a
9780134570297
041
_a
eng
080
_a
910
100
_a
42
101
_a
GJEO
245
_a
Resources of the Earth
_c
David, J,R
942
_2
udc
_c
BK
999
_c
49757
_d
49757